[Event "Liberec Region-chT 2223"]
[Site "Czech Republic"]
[Date "2023.04.02"]
[Round "11.7"]
[White "Simon, Petr"]
[Black "Prenosil, Julian"]
[Result "1/2-1/2"]
[WhiteElo "1551"]
[BlackElo "1633"]
[PlyCount "119"]
[EventDate "2022.10.09"]
[EventType "team-tourn"]
[EventRounds "11"]
[EventCountry "CZE"]
[SourceTitle "EXT 2024"]
[Source "ChessBase"]
[SourceDate "2023.10.10"]
[SourceVersion "1"]
[SourceVersionDate "2023.10.10"]
[SourceQuality "1"]

1. e4 d5 2. exd5 Qxd5 3. Nc3 Qa5 4. d3 c6 5. Be2 Nf6 6. Nf3 Bg4 7. h3 Bh5 8. g4 Bg6 9. Bd2 Nbd7 10. Ne4 Qc7 11. Nxf6+ Nxf6 12. Bc3 e6 13. Be5 Bd6 14. Bxd6 Qxd6 15. Qd2 h6 16. 0-0-0 Nd5 17. Nh4 Bh7 18. Ng2 Qb4 19. Qxb4 Nxb4 20. a3 Nd5 21. h4 0-0-0 22. f4 Bg6 23. h5 Bh7 24. Rdf1 Rde8 25. Bf3 Nc7 26. Ne3 Nb5 27. Nc4 Kc7 28. g5 Bf5 29. Ne5 Nd6 30. Rfg1 Rhg8 31. Bg4 Ref8 32. Kd2 f6 33. Bxf5 exf5 34. Ng6 Rd8 35. gxh6 gxh6 36. Rh2 Nc4+ 37. Kc3 Ne3 38. Re1 Nd5+ 39. Kd2 Rde8 40. Rhe2 Kd7 41. c4 Nc7 42. Re7+ Kc8 43. Rh7 Rxe1 44. Kxe1 Re8+ 45. Kd2 b5 46. Rxh6 bxc4 47. dxc4 Re4 48. Rh8+ Kd7 49. Rh7+ Kd8 50. Rxc7 Kxc7 51. h6 Rd4+ 52. Kc3 Rd7 53. Nf8 Rf7 54. Ne6+ Kd7 55. Ng7 Rf8 56. Nxf5 Ke6 57. Nd4+ Kd6 58. Nf5+ Ke6 59. Nd4+ Kd6 60. Nf5+ 1/2-1/2

[Event "Liberec Region-chT 2223"]
[Site "Czech Republic"]
[Date "2023.03.19"]
[Round "10.8"]
[White "Fuzik, Bohuslav"]
[Black "Prenosil, Julian"]
[Result "1/2-1/2"]
[WhiteElo "1575"]
[BlackElo "1633"]
[PlyCount "33"]
[EventDate "2022.10.09"]
[EventType "team-tourn"]
[EventRounds "11"]
[EventCountry "CZE"]
[SourceTitle "EXT 2024"]
[Source "ChessBase"]
[SourceDate "2023.10.10"]
[SourceVersion "1"]
[SourceVersionDate "2023.10.10"]
[SourceQuality "1"]

1. d4 c6 2. Bf4 Nf6 3. e3 Qb6 4. Qc1 d6 5. Bd3 Nh5 6. Bg3 Nxg3 7. hxg3 Bf5 8. e4 Bg6 9. Nf3 Nd7 10. Nbd2 e5 11. Nc4 Qc7 12. dxe5 dxe5 13. Nh4 Nc5 14. Qe3 Nxd3+ 15. Qxd3 Bc5 16. 0-0-0 0-0 17. Nxg6 1/2-1/2

[Event "Liberec Region-chT 2223"]
[Site "Czech Republic"]
[Date "2022.10.30"]
[Round "2.7"]
[White "Matous, Bedrich1111"]
[Black "Prenosil, Julian"]
[Result "1/2-1/2"]
[WhiteElo "1832"]
[BlackElo "1633"]
[PlyCount "94"]
[EventDate "2022.10.09"]
[EventType "team-tourn"]
[EventRounds "11"]
[EventCountry "CZE"]
[SourceTitle "EXT 2024"]
[Source "ChessBase"]
[SourceDate "2023.10.10"]
[SourceVersion "1"]
[SourceVersionDate "2023.10.10"]
[SourceQuality "1"]

1. Nf3 Nc6 2. d4 d5 3. e3 Nf6 4. c3 Bg4 5. Qb3 Qc8 6. Ne5 a6 7. f3 Be6 8. Nxc6 bxc6 9. Nd2 Bd7 10. Bd3 e6 11. e4 c5 12. Qd1 cxd4 13. cxd4 c5 14. e5 Ng8 15. f4 cxd4 16. 0-0 Bc5 17. Qg4 g6 18. Qh3 Qb8 19. Nb3 Bb6 20. Bd2 Bb5 21. Rac1 Kf8 22. Bb4+ Kg7 23. Bd6 Qd8 24. g4 h5 25. f5 hxg4 26. f6+ Nxf6 27. exf6+ Kg8 28. Qg3 Bxd3 29. Be7 Qb8 30. Bd6 Qd8 31. Rf2 Bf5 32. Be5 d3 33. Nd4 Rh3 34. Qf4 Rc8 35. Rd1 Rc4 36. b3 Rc2 37. Rdd2 Rxd2 38. Rxd2 Qc8 39. Qf1 Qc3 40. Qf4 Be4 41. Rf2 Bxd4 42. Bxd4 Qxd4 43. Qb8+ Kh7 44. Qf8 Qa1+ 45. Rf1 Qd4+ 46. Rf2 Qa1+ 47. Rf1 Qd4+ 1/2-1/2